Doplněk k učivu fyziky pro 7. ročník základní školy s rozšířeným vyučováním matematice a přírodovědným předmětům /

Uložené v:
Podrobná bibliografia
Hlavní autori: Vachek, Jaroslav, 1923-1989 (Author), Volf, Ivo, 1938- (Author)
Médium: Kniha
Jazyk:Czech
Vydané: Praha : Státní pedagogické nakladatelství, 1989
Vydanie:2. vyd.
Edícia:Učebnice pro základní školy
ISBN: (brož.)
Fyzický popis: 159 s.
Tagy: Pridať tag
Žiadne tagy, Buďte prvý kto otaguje tento záznam!

MARC

LEADER 00000nam a2200000 a 4500
001 000289521
005 20061215175555.0
008 041019s1989 xr e 000 0 czeo
020 |a (brož.) 
040 |a SVKKK  |b slo  |c SVKKK  |e AACR2 
041 0 |a cze 
044 |a xr  |c CZ 
100 1 |a Vachek, Jaroslav,  |4 aut  |d 1923-1989 
245 1 0 |a Doplněk k učivu fyziky pro 7. ročník základní školy s rozšířeným vyučováním matematice a přírodovědným předmětům /  |c Jaroslav Vachek, Ivo Volf 
250 |a 2. vyd. 
260 |a Praha :  |b Státní pedagogické nakladatelství,  |c 1989 
300 |a 159 s. 
440 0 |a Učebnice pro základní školy 
700 1 |a Volf, Ivo,  |d 1938-  |4 aut 
998 |a BK 
090 |g SCKHL  |k Sklad Pribinova 2. posch.  |a II.325212  |j 770634  |i B93096  |s Absenčne